000 00988cam a2200241 4500
001 X128124
008 041125n2004 000 0 eng u
035 _a(Sirsi) u128124
100 _aPearson, A.
245 4 _aThe Party's over
260 _c2004
490 _aBuilding
_v269(8357) 12 November 2004, 50-53(4)
520 _aReports on the 2004 Hays Montrose Salary Survey. Shows that salary increases across all sectors have slumped, with building, housing and civil averaging only 3%. The exception to the modest salary increases is the building sector which is benefiting from healthy government funding for schools and healthcare schemes. With tables of executive salaries and benefits in 2004.
590 _aABS
590 _aABS
650 _aHAYS CONSTRUCTION/BUILDING CONTRACTORS' SALARIES GUIDE
650 _aHOUSE BUILDING
650 _aCIVIL ENGINEERS
650 _aBUILDING CONTRACTORS
650 _aBONUSES
690 _aPROFESSIONAL PRACTICE
942 _n0
999 _c118372
_d118372